LEADER 02895oam 2200445 450 001 9910431345803321 005 20210602205130.0 010 $a981-15-9964-5 024 7 $a10.1007/978-981-15-9964-4 035 $a(CKB)4100000011645307 035 $a(MiAaPQ)EBC6424411 035 $a(DE-He213)978-981-15-9964-4 035 $a(EXLCZ)994100000011645307 100 $a20210602d2020 uy 0 101 0 $aeng 135 $aurnn|008mamaa 181 $ctxt$2rdacontent 182 $cc$2rdamedia 183 $acr$2rdacarrier 200 10$aSecuring urbanism $econtagion, power and risk /$fMark Laurence Jackson, Mark Hanlen 205 $a1st ed. 2020. 210 1$aSingapore :$cSpringer,$d[2020] 210 4$d©2020 215 $a1 online resource (XIV, 483 p. 1 illus.) 311 $a981-15-9963-7 327 $aSecuring Urbanism: Contagion, Power & Risk -- Part I: Politics of Contagion -- Chapter 1. Contagious Flows -- Chapter 2. Cholera -- Chapter 3. Sub-Prime -- Part II: Securing the Urban -- Chapter 4. Spatiality and Power -- Chapter 5. Governing Security -- Chapter 6. Bio-political Urbanism -- Part III: Post-political Urbanism -- Chapter 7. Indistinct Politics -- Chapter 8. Political Animals -- Chapter 9. Marketplace of Risk. 330 $aThis book is concerned with developing an in-depth understanding of contemporary political and spatial analyses of cities. In the three-part development of the book?s overall argument or premise, the reader is taken in Part I through a range of contemporary critical and political understandings of urban securitizing. This is followed by an historical urban landscape of emerging liberalism and neo-liberalism, in nineteenth-century Britain and twentieth-century United States, respectively. These case-study historical chapters enable the introduction of key political issues that are more critically assayed in Parts II and III. With Part II, the reader is introduced in depth to a series of spatial analyses undertaken by Michel Foucault that have been crucial for especially late-twentieth and twenty-first century urban theory and political geography. With Part III the full ramifications of a paradigmatic shift are explored at the level of rethinking territory, population and design. This book is timely and useful for readers who want to develop a stronger understanding of what the book?s researchers term a new political paradigm in urban planning, one ultimately governed by global economic forces that define the end of probability. 606 $aSocial sciences 608 $aElectronic books. 615 0$aSocial sciences. 676 $a605 700 $aJackson$b Mark Laurence$0967409 702 $aHanlen$b Mark 801 0$bMiAaPQ 801 1$bMiAaPQ 801 2$bUtOrBLW 906 $aBOOK 912 $a9910431345803321 996 $aSecuring urbanism$92196277 997 $aUNINA